Online
Catalog

Entrevistas a narradores norteamericanos de hoy / (Record no. 2691)

MARC details
000 -CABECERA
campo de control de longitud fija 01117cam a2200289 a 4500
001 - NÚMERO DE CONTROL
campo de control 000002857
005 - FECHA Y HORA DE LA ÚLTIMA TRANSACCIÓN
campo de control 20200929150255.0
008 - DATOS DE LONGITUD FIJA--INFORMACIÓN GENERAL
campo de control de longitud fija 820204s1986 ag 001 0dspa d
020 ## - NÚMERO INTERNACIONAL ESTÁNDAR DEL LIBRO
Número Internacional Estándar del Libro 9509432547
040 ## - FUENTE DE LA CATALOGACIÓN
Centro catalogador/agencia de origen DO-SdBNP
Lengua de catalogación spa
Centro/agencia transcriptor BNPHU
041 17 - CÓDIGO DE LENGUA
Código de lengua del texto/banda sonora o título independiente spa
Código de lengua original eng
Fuente del código Código de idioma MARC
082 ## - NÚMERO DE LA CLASIFICACIÓN DECIMAL DEWEY
Número de clasificación 813.09
Número de documento/Ítem E61n
240 10 - TÍTULO UNIFORME
Título uniforme Anything can happen : interviews with contemporary American novelists.
Lenguaje de la obra Español
245 00 - MENCIÓN DE TÍTULO
Título Entrevistas a narradores norteamericanos de hoy /
Mención de responsabilidad, etc. Edición preparada por Tom LeClair y Larry McCaffery ; traducción de Eduardo Stupía.
260 ## - PUBLICACIÓN, DISTRIBUCIÓN, ETC.
Lugar de publicación, distribución, etc. Buenos Aires :
Nombre del editor, distribuidor, etc. Grupo Editor Latinoamericano,
Fecha de publicación, distribución, etc. 1986.
300 ## - DESCRIPCIÓN FÍSICA
Extensión 337, [2] p. ;
Dimensiones 23 cm.
490 1# - MENCIÓN DE SERIE
Mención de serie Temas
534 ## - NOTA SOBRE LA VERSIÓN ORIGINAL
Frase introductoria Título original:
Mención de título del original Anything can happen : interviews with contemporary American novelists.
500 ## - NOTA GENERAL
Nota general Incluye índice
650 #4 - PUNTO DE ACCESO ADICIONAL DE MATERIA--TÉRMINO DE MATERIA
Término de materia o nombre geográfico como elemento de entrada Literatura americana
Subdivisión cronológica SIGLO XX
Subdivisión general Entrevistas
9 (RLIN) 9060
700 1# - PUNTO DE ACCESO ADICIONAL--NOMBRE DE PERSONA
Nombre de persona Stupía, Eduardo,
Término indicativo de función/relación tr.
9 (RLIN) 9061
700 1# - PUNTO DE ACCESO ADICIONAL--NOMBRE DE PERSONA
Nombre de persona LeClair, Tom,
Fechas asociadas al nombre 1944-,
Término indicativo de función/relación ed.
9 (RLIN) 9062
700 1# - PUNTO DE ACCESO ADICIONAL--NOMBRE DE PERSONA
Nombre de persona McCaffery, Larry,
Fechas asociadas al nombre 1946-,
Término indicativo de función/relación ed.
9 (RLIN) 9063
830 #0 - PUNTO DE ACCESO ADICIONAL DE SERIE-TÍTULO UNIFORME
Título uniforme Temas.
9 (RLIN) 9064
910 ## - DATOS DE OPCIÓN DEL USUARIO (OCLC)
Datos de opción del usuario Catalogación derivada
910 ## - DATOS DE OPCIÓN DEL USUARIO (OCLC)
Datos de opción del usuario WM
Holdings
Estado de retiro Estado de pérdida Restricciones de uso No para préstamo Código de colección Localización permanente Ubicación/localización actual Ubicación en estantería Fecha de adquisición Número de inventario Total de préstamos Signatura topográfica completa Código de barras Fecha visto por última vez Precio válido a partir de Tipo de ítem Koha Número de copia
    Préstamo interno   Monografías: Libros y Folletos General General Depósito 04.07.2009 LF1   813.09 E61n 2857-10 25.06.2020 25.06.2020 Préstamo interno  
    Préstamo restringido Préstamo restrigido Monografías: Libros y Folletos General General Depósito 04.07.2009 LF1   813.09 E61n 2857-20 25.06.2020 25.06.2020 Préstamo interno e.2

Powered by Koha